Ecología en la antigüedad clásica

Guardat en:
Dades bibliogràfiques
Autor principal: Rodríguez Neila, Juan Francisco (Autor)
Format: Llibre
Idioma:espanyol
Publicat: Madrid Arco/Libros 1996
Col·lecció:Cuadernos de Historia, 25
Matèries:
Etiquetes: Afegir etiqueta
Sense etiquetes, Sigues el primer a etiquetar aquest registre!

MARC

LEADER 00000nam a2200000 a 4500
001 UCH5667
003 CL-VaPUC
005 20210602001455.0
008 091015e19960000SP |||||||||||||||||spa|d
999 |c 336769  |d 336767 
020 |a 8476352360 
040 |c Pontificia Universidad Católica de Valparaíso 
082 0 4 |a 333.7 ROD 1996  |2 21 
100 0 |a Rodríguez Neila, Juan Francisco  |e author  |9 541976 
245 1 0 |a Ecología en la antigüedad clásica 
260 |a Madrid  |b Arco/Libros  |c 1996 
300 |a 68 páginas 
490 0 |a Cuadernos de Historia,  |v  25 
583 |a last modification  |c 20091015 00:00:00  |k Rodrigo Vera 
650 0 |a Ecología   |9 258124 
650 0 |a Medio ambiente  |9 257625 
650 0 |a Historia antigua  |9 267521 
650 0 |a Planificación urbana   |9 258176 
651 0 |a Roma   |9 255106 
651 0 |a Grecia  |9 265314 
942 |c BK  |2 ddc 
945 |d 20091015 00:00:00  |a rbrito 
952 |0 0  |1 0  |4 0  |6 333_700000000000000_ROD_1996  |7 0  |8 A  |9 428694  |a BIBHIS  |b BIBHIS  |d 2019-11-22  |i 4606191  |o 333.7 ROD 1996  |p 4606191  |r 2025-01-20  |w 2019-11-22  |y BK  |k HIS